00480nam a2200181Ia 4500001001000000003000500010008004100015010001100056040000900067082001600076100002000092245004600112260003200158300001100190440003800201650003200239650002700271Para_8970CHAP220125s2004 xx 000 0 und d a207748 cCHAP aPA 646.7 K4 aKersey, Cynthia aNada me detendrá /c por Cynthia Kersey aMéxico, D.F. :b Selector a191 p. aColección superación personal aMotivación (psicología) aSuperación personal